000 00508cam a2200193ua 4500
001 4156
008 170818n ii |||gr||||Z||||||asm
040 _cMAIN
041 _aasm
082 _a891.4513
100 _aBarkataki, Satyendranath,
_eTranslator.,
245 _aPharachi galpa
_cTransl. by Satyendranath Barkataki
250 _a4th.
260 _aGuwahati:
_bPublication board assam,
_c2008.
300 _a205p:
_c23cm.
653 _aAssamese short stories
653 _aPharachi galpa
942 _cBK
999 _c3978
_d3978